Health and wellness/ (Record no. 30747)

000 -LEADER
fixed length control field 00518nam a22001697a 4500
008 - FIXED-LENGTH DATA ELEMENTS--GENERAL INFORMATION
fixed length control field 201007b ||||| |||| 00| 0 eng d
020 ## - INTERNATIONAL STANDARD BOOK NUMBER
International Standard Book Number 0763747491
050 ## - LIBRARY OF CONGRESS CALL NUMBER
Classification number RA 776 .E35 2004
100 ## - MAIN ENTRY--PERSONAL NAME
Personal name Edlin, Gordon
245 ## - TITLE STATEMENT
Title Health and wellness/
Statement of responsibility, etc. Gordon Edlin & Eric Golanty
250 ## - EDITION STATEMENT
Edition statement 8th ed.
260 ## - PUBLICATION, DISTRIBUTION, ETC. (IMPRINT)
Place of publication, distribution, etc. Sudburry, MA:
Name of publisher, distributor, etc. Jones and Bartlett Publishers,
Date of publication, distribution, etc. 2004.
300 ## - PHYSICAL DESCRIPTION
Extent v, 222p. :
Other physical details ill, ;
Dimensions 28 cm.
650 ## - SUBJECT ADDED ENTRY--TOPICAL TERM
Topical term or geographic name as entry element Health.
700 ## - ADDED ENTRY--PERSONAL NAME
Personal name Golanty, Eric
942 ## - ADDED ENTRY ELEMENTS (KOHA)
Source of classification or shelving scheme
Koha item type Hard Covered Materials
Classification part RA 776 .E35 2004
Holdings
Withdrawn status Lost status Source of classification or shelving scheme Damaged status Not for loan Home library Current library Shelving location Date acquired Source of acquisition Cost, normal purchase price Total Checkouts Full call number Barcode Date last seen Price effective from Koha item type
          MACHAKOS UNIVERSITY LIBRARY MACHAKOS UNIVERSITY LIBRARY Open shelf 07/10/2020 Donation - The Co-operative University of Kenya 2226.00   RA 776 .E35 2004 23425 07/10/2020 07/10/2020 Hard Covered Materials
© Machakos University Library, Along The Highway, Machakos Wote Rd, Machakos, Kenya P.O. Box 136 - 90100 Machakos - Kenya

Tel: ( +254 ) 723 805829 OR Fax : 044-20353 OR Email: library@mksu.ac.ke